000 01044nam a2200169 4500
999 _c63802
_d63802
003 Ge_BSU
005 20260115211801.0
008 260115s1977 ge ||||| |||| 00| 0 geo d
041 _ageo
080 _a94(479.22)"19" ს-13
245 _aსაბჭოთა საქართველოს სოციალისტური მშენებლობის ისტორიიდან :
_b [სტატიების კრებული] : ეძღვნება დიდი ოქტომბრის სოციალისტური რევოლუციის 60 წლისთავს /
_c ს. ჯანაშიას სახ. საქართველოს სახელმწ. მუზეუმი.
264 _aთბ. :
_bმეცნიერება,
_c1977.
300 _a217 გვ. ;
_b19 სმ.
500 _a ზოგიერთი სტატია რუს. ენ.
653 _aსაქართველოს ისტორია -- XX ს.
942 _2udc
_cᲬᲘᲒᲜᲘ